Eeconomic of rural organization theory ,practice and policy (Record no. 152605)

MARC details
000 -LEADER
fixed length control field 00437nam a2200157Ia 4500
008 - FIXED-LENGTH DATA ELEMENTS--GENERAL INFORMATION
fixed length control field 161229s9999 xx 000 0 und d
020 ## - INTERNATIONAL STANDARD BOOK NUMBER
International Standard Book Number 0195208889
082 ## - DEWEY DECIMAL CLASSIFICATION NUMBER
Classification number 307.1 HOF/EC
100 ## - MAIN ENTRY--PERSONAL NAME
Personal name Hoff, Karla
245 ## - TITLE STATEMENT
Title Eeconomic of rural organization theory ,practice and policy
260 ## - PUBLICATION, DISTRIBUTION, ETC. (IMPRINT)
Name of publisher, distributor, etc. Oxford university press
Place of publication, distribution, etc. Oxford
Date of publication, distribution, etc. 1993
300 ## - PHYSICAL DESCRIPTION
Extent xi, 590
700 ## - ADDED ENTRY--PERSONAL NAME
Personal name Braverman, Avishay
700 ## - ADDED ENTRY--PERSONAL NAME
Personal name Stiglitz, Joseph E
942 ## - ADDED ENTRY ELEMENTS (KOHA)
Koha item type Books (General)
Holdings
Withdrawn status Lost status Source of classification or shelving scheme Damaged status Not for loan Home library Current library Date acquired Total Checkouts Full call number Barcode Date last seen Price effective from Koha item type Public note
    Dewey Decimal Classification     KAU Central Library, Thrissur KAU Central Library, Thrissur 29/12/2016   307.1 HOF/EC 903914 29/12/2016 29/12/2016 Books (General) Book transferred from CCBM Library ,Acc.No:5986
Kerala Agricultural University Central Library
Thrissur-(Dt.), Kerala Pin:- 680656, India
Ph : (+91)(487) 2372219
E-mail: librarian@kau.in
Website: http://library.kau.in/